Quizzes
Events
Quiz Creation
Community
Videos
Private Events
Remove Ads
Sign In
Join for FREE
Feedback
Dark Mode
Quiz Categories
Sports
Geography
Music
Movies
Television
Just For Fun
Miscellaneous
History
Literature
Language
Science
Gaming
Entertainment
Religion
Holiday
For Kids
Quiz Lab
Recent
Popular Today
Quiz Kudos Today
Editor Picks
Curator Picks
Quizzes by...
Day
Popularity
Type
Ratings
Length
Year
Community
Subscriptions
Recent Discussions
Orange Saloon
Badges
Playlists
Quests
Create
Leaderboards
Showdown
Live 5
Trivia Bingo
Activity
Puzzle Library
Sporcle Events
Private Events
Virtual Trivia
Globe League
Become a Host
Pub Owners
SporcleCon
Opinionation
Our Games
Videos
Blog
Mobile Apps
Partnerships
Remove Ads and Go Orange
Feedback
Movies
Disney
Marvel Cinematic Universe
Movie Resume
Movie Titles
Oscar
Actor
Actress
Director
Pixar
Role
Movie Quotes
Movie Characters
Box Office
Nominee
Best Picture
Star Wars
James Bond
Horror Movies
Movies
Disney
Marvel Cinematic Universe
Movie Resume
Movie Titles
Oscar
Actor
Actress
Director
Pixar
Role
Movie Quotes
Movie Characters
Box Office
Nominee
Best Picture
Star Wars
James Bond
Horror Movies
Random Quiz
Search Sporcle
×
Quiz Lab
Quiz Lab
Movies
Quote
Type in answers that appear in a list
Type in answers that appear in a list
Classic
Best Score? Go Orange.
Monty Python and the Holy Grail Quotes Stats
Can you name the Monty Python and the Holy Grail Quotes?
By
Seth
8m
30 Questions
1,838 Plays
1,838 Plays
1,838 Plays
Comments
Comments
Give Quiz Kudos
Give Quiz Kudos
-
- Ratings
hide this ad
More Info
Forced Order
Answers have to be entered in order
Answers have to be entered in order
Replay
Link that replays current quiz
Next Quiz
Link to next quiz in quiz playlist
You Got
0%
They Got
Avg Score
42%
Avg Friend Score
Upgrade to see
Score Distribution
Jump to the score distribution portion of the page
Score
0/30
Timer
08:00
0
Plays Today
Beginning of quote
End of quote
% Correct
Well, she turned me into a _
_
_
_
_
.
newt
83.6%
Are you suggesting coconuts _
_
_
_
_
?
migrate
81.8%
You mother was a _
_
_
_
_
and your father smelt of eldeberries
hamster
78.7%
We want... a _
_
_
_
_
!
shrubbery
78.6%
Well, on second thought, let's not go to Camelot, it is _
_
_
_
_
a silly place
72.6%
We apologize for the fault in the subtitles. Those responsible _
_
_
_
_
.
have been sacked
71.7%
Then, when you have found the shrubbery, you must cut down the mightiest tree in the forest... with... a _
_
_
_
_
!
herring
71.5%
Please, please! This is supposed to be a happy occasion! Let's not bicker and argue about _
_
_
_
_
.
who killed who
61.6%
She's beautiful, she's rich, she's got huge... _
_
_
_
_
.
tracts of land
60.4%
Come and see the violence inherent in the system! Help! Help! _
_
_
_
_
!
I'm being repressed
60.1%
Come back here and take what's coming to you. I'll _
_
_
_
_
!
bite your legs off
56.8%
Um, l-
look, if we built this large wooden _
_
_
_
_
badger
48.4%
In the frozen land of Nador they were forced to eat Robin's minstrels. _
_
_
_
_
.
and there was much rejoicing
47.9%
What is the air-
speed velocity of an _
_
_
_
_
?
unladen swallow
44.8%
Well, I'll ask him, but I don't think he'll be _
_
_
_
_
, Uh, he's already got one, you see?
very keen
32.3%
Beginning of quote
End of quote
% Correct
Dennis, there's some _
_
_
_
_
down here.
lovely filth
31.9%
Well, let me have just a little bit of _
_
_
_
_
?
peril
31.3%
Sir Robin the Not-
quite-
so-
brave-
as-
Sir-
Lancelot who had nearly fought the Dragon of Agnor, who had nearly stood up to the vicious _
_
_
_
_
.
chicken of Bristol
28.1%
Right! Silly little bleeder. One _
_
_
_
_
comin' right up!
rabbit stew
27.4%
I _
_
_
_
_
I was so scared!
soiled my armor
27%
Oh, yes, of course. I thought you meant him. Y'know, it seemed a bit daft, me havin' to guard him _
_
_
_
_
.
when he's a guard
26.9%
He was not in the least bit scared to be mashed into a pulp, Or to have his eyes gouged out, and his elbows broken. To have his kneecaps split, and his _
_
_
_
_
,
body burned away
26%
And the Lord did grin, and people did feast upon the lambs, and sloths, and carp, and anchovies, and orangutans, and breakfast cereals, and _
_
_
_
_
, and large -
-
'
fruit bats
21.4%
Let us _
_
_
_
_
! It may become so cross that it will make a mistake.
taunt it
21.2%
Look, if he was dying, he wouldn't bother to carve 'aaggggh'. _
_
_
_
_
.
he'd just say it
19.8%
Well, can you hang around a couple of minutes? _
_
_
_
_
_
_
he won't be long
16.1%
Then, when you have found the shrubbery, you must place it here beside this shrubbery, only slightly higher so you get a two-
level effect with a little _
_
_
_
_
.
path running down the middle
14.9%
So, brave knights, if you do doubt your courage or your strength, come no further, for death awaits you all with _
_
_
_
_
.
nasty big pointy teeth
8.7%
Oh, it is a lonely life -
-
bathing, dressing, undressing, _
_
_
_
_
.
knitting exciting underwear
7.3%
I wave my private parts at your aunties, you cheesy lot of second hand electric _
_
_
_
_
.
donkey bottom biters
4.8%
Quiz Playlist
Details
Report
Send in Message
Add To Playlist
More Info:
Fill in the missing words from these Holy Grail quotes. As a help there are in order as they are quoted in the movie.
Classic:
Type in answers that appear in a list
Forced Order:
Answers have to be entered in order
Quiz Source
Last Updated: Oct 17, 2018
Quiz Scoreboard
CHALLENGE
Sign Up to Join the Scoreboard
Show All
Scores
Hide
Comments
May contain spoilers
Recently Published
One Thing in Common: World Cities II
by knightlancer
Geography
7m
Popular People in 1961
by mucciniale
History
6m
1-10 Letter E Words III
by El_Dandy
Language
2m
More to Explore
Quiz From the Vault
Featured Blog Post
Where Did the Easter Bunny Come From?
hide this ad
You Might Also Like...
Tags
Numbers Quiz
Quote Quiz
Begins With
Character
end
grail
Holy
Holy Grail
Monty
Monty Python
Python
Today's Top Quizzes in Movies
Browse Movies
hide this ad
Today's Top Quizzes in Quote
Browse Quote
Top Contributed Quizzes in Movies
1
Multi-Oscar Nominations, One Movie, One Winner
2
12 Movies about Fictional 1960s Events
3
One Thing in Common: Movies
4
Three Word 'T' Movies Match Up
5
Three Word 'H' Movies Match Up
6
Three Word 'M' Movies Match Up
7
Three Word 'L' Movies Match Up
8
Three Word 'R' Movies Match Up
9
Three Word 'S' Movies Match Up
10
Three Word 'U' & 'V' Movies Match Up
Explore More
Trending Topics
Kpop
Disney
Crossword
NBA
Harry Potter
Marvel
Anime
Soccer
Country
NFL
WWE
Song
The Office
Puzzle
Pokémon
hide this ad
More By:
Seth
Quiz
Plays
Rating
Category
Featured
Created
Click the Hosts: 80's Game Shows
1,857
4.92
Television
Mar 11, 2019
Monty Python and the Holy Grail Quotes
1,838
4.31
Movies
Jul 10, 2010
Professional Sports Team by Unique Image
1,538
3.17
Sports
Nov 20, 2013
Click the Movie Characters Named James
1,144
4.75
Movies
Mar 17, 2019
Click the Characters: Predator
749
5.00
Movies
Mar 9, 2019
Go to Creator's Profile
Score Distribution
Quiz Creator Spotlight
Seth
Follow
Send a Message
Quizzes Created
-
Created Quiz Play Count
-
More By This Creator
Popular Quizzes Today
1
Find the US States - No Outlines Minefield
2
The Countries of the World
3
Popular People in 1961
4
Find the Countries of Europe - No Outlines Minefield
5
1-10 Letter E Words III
6
Find the US States
7
One Thing in Common: World Cities II
8
US States
More Movies Quizzes
Most Oscar Nominations
Published
Trending Quizzes
1-10 Letter F Words
1-10 Letter G Words
Risky Map Clicking: Next State Alphabetically
1-10 Letter F Words II
Risky Map Clicking: States by Unique Starting Letters
Recently Updated
Leaping Animals
pecheneg
Reality TV Shows (A-Z)
bhenderson79
Rickey Henderson's Hall of Fame Teammates
pecheneg
Champions League XIs: Arsenal
pecheneg
Quick Pick: Celebrities in WWE's Hall of Fame
aduchscher
A-Z Keypad Blitz II
pecheneg
Multiple Oscar Actors
pecheneg
Mystery Phrase Blitz: Oscar 'Best Actors'
pecheneg
F. Scott Fitzgerald Novels
LTH
Pick 3 Villains
ddd62291
Trending Topics
Anime
Marvel
Disney
Crossword
Harry Potter
Kpop
NBA
Country
Soccer
Song
Puzzle
Pokémon
NFL
WWE
The Office
Your Account Isn't Verified!
In order to create a playlist on Sporcle, you need to verify the email address you used during registration. Go to your
Sporcle Settings
to finish the process.
Report this User
Report this user for behavior that violates our
Community Guidelines
.
Details:
Send Report
Go to the Sporcle.com Mobile Site →
Comments